000 00556nam a2200193Ia 4500
008 131103s9999 xx 000 0 und d
020 _a0-590-45419-6
040 _aLoreto College
041 _aEnglish
082 _aF/HAS
_bLCBED/12381
100 _aHaskins, Jim
245 _aGet on board
_b the story of the underground railroad
_cJim Haskins
260 _aLondon
_bScholastic inc.
_c[19?]
300 _a152p
_c 21cm.
504 _aIncludes bibilographical references & index
650 _aEnglish fiction
850 _aLCBED/F/HAS
942 _cBK
999 _c32269
_d82748